Statystyki dla Czego używa barman?

Kliknij tutaj aby rozwiązać quiz!

Ogólne statystyki

  • Ten quiz został rozwiązany 9 razy
  • Średni wynik to 2 z 6

Statystyki odpowiedzi

Odpowiedź% Poprawnych
Shakera
80%
Alkoholu
40%
Kiliszka
20%
Kufla
20%
Napoju
20%
Soku
20%

Rozkład punktacji

Percentyl według liczby udzielonych odpowiedzi

Procent ludzi z każdym wynikiem

Twoja historia wyników

Nie rozwiązałeś tego quizu